[Event "Master Open"]
[Site "Voronezh"]
[Date "2017.06.14"]
[Round "3.28"]
[White "Khegay, Dmitriy"]
[Black "Arjun, Kalyan"]
[Result "1-0"]
[WhiteElo "2482"]
[BlackElo "2322"]
[Annotator ""]
[Source ""]
[Remark ""]

1.e4 e5 2.Nf3 Nc6 3.Bc4 Bc5 4.c3 Nf6 5.d3 O-O 6.O-O d5 7.exd5
Nxd5 8.a4 Nb6 9.Bb5 Ne7 10.a5 c6 11.axb6 cxb5 12.Rxa7 Rxa7 13.bxa7
Bxa7 14.Nxe5 Bf5 15.Be3 Bb8 16.d4 Qd5 17.Re1 Bxb1 18.Qxb1 Bxe5
19.dxe5 Qxe5 20.Bd4 Qf5 21.Qxf5 Nxf5 22.Bc5 Rd8 23.g3 f6 24.Re6
Rc8 25.Bb4 Rc6 26.Re8+ Kf7 27.Ra8 b6 28.Ra7+ Kg6 29.Kg2 Re6 30.Rd7
h5 31.Kf3 Nh6 32.Rd5 Ng4 33.h3 Ne5+ 34.Kg2 Nc4 35.b3 Na5 36.Bxa5
bxa5 37.Rxb5 Rc6 38.Rxa5 Rxc3 39.Rb5 Rc2 40.g4 hxg4 41.hxg4 Rb2
42.Kg3 Rb1 43.f3 Rb2 44.Kf4 Rb1 45.Ke4 Kf7 46.Rb7+ Kg6 47.Rb5
Kf7 48.Kf5 g6+ 49.Kf4 Kg7 50.Rb7+ Kh6 51.Rb6 Kg7 52.Ke3 Re1+
53.Kf2 Rb1 54.f4 Rb2+ 55.Ke3 Rg2 56.Kf3 Rb2 57.g5 fxg5 58.fxg5
Kf7 59.Ke3 Rg2 60.Rb5 Ke6 61.Kd4 Rg4+ 62.Kc3 Kd7 63.Rc5 Kd6 64.b4
Rg3+ 65.Kc4 Rg4+ 66.Kb5 Kd7 67.Ka5 Kd6 68.Kb5 Kd7 69.Ka4 Ke7
70.Rb5 Kd7 71.Ka5 Kc7 72.Ka6 Kd7 73.Ka5 Kc7 74.Rd5 Kc6 75.Re5
Kd6 76.Rc5 Rf4 77.Kb5 Kd7 78.Re5 Kd6 79.Re8 Rf5+ 80.Ka6 Rxg5
81.b5 Rg1 82.b6 Ra1+ 83.Kb7 g5 84.Rg8 Rg1 85.Kc8 Rc1+ 86.Kb8
Rg1 87.b7 Kd7 88.Rg7+ Ke6 89.Rg6+ Kf5 90.Kc7 Kxg6 91.b8Q Rg4
92.Qg8+ Kh6 93.Qe6+ Kh5 94.Qe2 1-0

[Event "Master Open"]
[Site "Voronezh"]
[Date "2017.06.14"]
[Round "3.29"]
[White "Harutjunyan, Gevorg"]
[Black "Yeritsyan, Aram"]
[Result "1/2-1/2"]
[WhiteElo "2472"]
[BlackElo "2295"]
[Annotator ""]
[Source ""]
[Remark ""]

1.e4 e5 2.f4 d5 3.exd5 exf4 4.Nf3 Nf6 5.c4 c6 6.d4 Bb4+ 7.Bd2
Bxd2+ 8.Qxd2 cxd5 9.Nc3 O-O 10.Qxf4 Qb6 11.O-O-O dxc4 12.Ne5
Nc6 13.Nxc4 Qb4 14.a3 Qb3 15.d5 Ne7 16.Ne3 Bd7 17.Bc4 Qb6 18.d6
Ng6 19.Qd4 Qxd4 20.Rxd4 Ne5 21.Bb3 Rac8 22.Rf1 Be6 23.Bxe6 fxe6
24.Kb1 Rfd8 25.Ne4 Nxe4 26.Rxe4 Nf7 27.Rxe6 Nxd6 28.Rd1 Ne8 29.Rxd8
Rxd8 30.Re7 Nd6 31.Rc7 Kf8 32.Nc2 Re8 33.Rd7 Re6 34.Nd4 Rg6 35.g3
Ke8 36.Rc7 Kd8 37.Rc5 Kd7 38.Rh5 h6 39.Ra5 a6 40.Re5 Rf6 41.Re2
Nf5 42.Nb3 Kd6 43.a4 b6 44.a5 bxa5 45.Re4 Re6 46.Ra4 Re5 47.Ka2
Kc6 1/2-1/2

[Event "Master Open"]
[Site "Voronezh"]
[Date "2017.06.14"]
[Round "3.30"]
[White "Grachev, Andrey"]
[Black "Khanin, Semen"]
[Result "0-1"]
[WhiteElo "2268"]
[BlackElo "2436"]
[Annotator ""]
[Source ""]
[Remark ""]

1.e4 c5 2.Nf3 e6 3.d4 cxd4 4.Nxd4 Nc6 5.Nc3 Qc7 6.Be3 a6 7.Qd2
Nf6 8.O-O-O Be7 9.f3 b5 10.g4 Nxd4 11.Bxd4 Bb7 12.Kb1 O-O 13.Ne2
Rac8 14.Ng3 d5 15.e5 Nd7 16.Re1 Bc5 17.Bxc5 Qxc5 18.Bd3 d4 19.Qg5
f6 20.Qh5 f5 21.gxf5 Nxe5 22.Ne4 Bxe4 23.Bxe4 Nc4 24.Rhg1 exf5
25.Bd3 Ne3 26.c3 Rce8 27.Qh6 Ng2 28.Rxe8 gxh6 29.Rxg2+ Kf7 30.Rxf8+
Kxf8 31.Rc2 Qd5 32.cxd4 Qxf3 33.Rd2 f4 34.Kc2 Qe3 35.Bxh7 f3
36.d5 f2 37.Bd3 Qxd3+ 38.Rxd3 f1Q 39.d6 Qg2+ 40.Kc1 Qxh2 41.d7
Qc7+ 42.Kd2 Ke7 43.Ke3 Qe5+ 44.Kf3 Qf5+ 45.Ke3 Qxd3+ 0-1

[Event "Master Open"]
[Site "Voronezh"]
[Date "2017.06.14"]
[Round "3.31"]
[White "Cherniaev, Alexander"]
[Black "Shtyka, Sergey"]
[Result "1-0"]
[WhiteElo "2425"]
[BlackElo "2281"]
[Annotator ""]
[Source ""]
[Remark ""]

1.d4 c5 2.d5 g6 3.e4 Bg7 4.c4 d6 5.Ne2 Nf6 6.Nec3 O-O 7.Be2 Na6
8.O-O Nc7 9.Bg5 a6 10.a4 b6 11.Na3 e5 12.Qd2 Qd7 13.Rae1 Kh8
14.Kh1 Ng8 15.Bd1 f6 16.Be3 Qe8 17.f4 Ne7 18.g4 exf4 19.Bxf4
Qd8 20.h4 g5 21.hxg5 Ng6 22.Be3 Ne5 23.gxf6 Bxf6 24.Bh6 Rg8 25.Qf4
Bh4 26.Re3 Bxg4 27.Bxg4 Rxg4 28.Qf5 Bg3 29.Qf8+ Qxf8 30.Bxf8
Ng6 31.Rxg3 Rh4+ 32.Kg1 Rxf8 33.Rxf8+ Nxf8 34.Nc2 Ne8 35.Ne3
Ng7 36.Rxg7 Kxg7 37.Nf5+ Kf6 38.Nxh4 Ke5 39.Kf2 Kd4 40.Nf5+ Kxc4
41.Nxd6+ Kb3 42.e5 Ng6 43.e6 Kxb2 44.Nde4 1-0

[Event "Master Open"]
[Site "Voronezh"]
[Date "2017.06.14"]
[Round "3.32"]
[White "Dmitriev, Igor"]
[Black "Korchmar, Vasiliy"]
[Result "1/2-1/2"]
[WhiteElo "2242"]
[BlackElo "2422"]
[Annotator ""]
[Source ""]
[Remark ""]

1.d4 Nf6 2.Nc3 d5 3.Bg5 Nbd7 4.e3 e6 5.a3 Be7 6.Nf3 O-O 7.Bd3
c5 8.O-O h6 9.Bh4 a6 10.Rb1 c4 11.Be2 b5 12.Ne5 Nxe5 13.dxe5
Nd7 14.Bxe7 Qxe7 15.f4 Bb7 16.Bf3 Rad8 17.Qd4 Nb8 18.Qb6 f6 19.Bg4
f5 20.Bh5 Nc6 21.Ne2 g5 22.Nd4 Nxd4 23.exd4 Rc8 24.Be2 Rc6 25.Qa5
Kh7 26.Qb4 Rc7 27.c3 Rg8 28.Ra1 Bc6 29.Bd1 gxf4 30.Qxe7+ Rxe7
31.Rxf4 Reg7 32.g3 a5 33.Kf2 Rb7 34.Ke3 Be8 35.Rh4 Bg6 36.Be2
Ra7 37.Rf4 Rga8 38.Kd2 h5 39.Bd1 Kh6 40.Bc2 Rb8 41.Ke3 Rba8 42.h3
Rf7 43.Raf1 Raf8 1/2-1/2

[Event "Master Open"]
[Site "Voronezh"]
[Date "2017.06.14"]
[Round "3.33"]
[White "Iliushkin, Evgeny"]
[Black "Ponomarev, Dmitry"]
[Result "0-1"]
[WhiteElo "2241"]
[BlackElo "2417"]
[Annotator ""]
[Source ""]
[Remark ""]

1.d4 d5 2.c4 dxc4 3.Nf3 c6 4.e3 Be6 5.a4 Nf6 6.Na3 Bd5 7.Nxc4
e6 8.Bd2 c5 9.dxc5 Bxc5 10.b4 Be7 11.Be2 Ne4 12.O-O Bxc4 13.Bxc4
Nxd2 14.Bb5+ Nc6 15.Nxd2 Bxb4 16.Bxc6+ bxc6 17.Nc4 O-O 18.Qc2
Qg5 19.Rad1 Rfd8 20.Rxd8+ Rxd8 21.Rd1 Rxd1+ 22.Qxd1 Qd5 23.Qc2
Bf8 24.h4 g6 25.g3 Qc5 26.Kf1 Be7 27.Ke2 Bf6 28.Qb3 Kg7 29.Qd3
Qb4 30.Qc2 Kf8 31.Nd2 c5 32.Nc4 h5 33.Nd2 Kg8 34.Nc4 Bg7 35.Nd6
Bf8 36.Nc4 Bg7 37.Nd6 Be5 38.Nc4 Bc7 39.Nb2 Qg4+ 40.Ke1 Qb4+
41.Ke2 Ba5 42.Kf1 Qe1+ 43.Kg2 Qc3 44.Qxc3 Bxc3 45.Nc4 Kf8 46.Kf1
Ke7 47.Ke2 f6 48.e4 Kd7 49.f3 Bd4 50.Kf1 Bc3 51.Ke2 Kc6 52.Kf1
f5 53.Kg2 Kd7 54.Kf2 Ke7 55.Kf1 Kf6 56.Kg2 g5 57.hxg5+ Kxg5 58.f4+
Kf6 59.e5+ Ke7 60.Kf3 Kd7 61.Nd6 Be1 62.Nb5 c4 63.Na3 c3 64.Nc2
Bd2 65.Nd4 a6 66.Kg2 Be3 67.Nc2 Bc5 68.Kh3 Kc6 69.Kh4 Bf2 70.Kxh5
Bxg3 71.Kg5 Kd5 72.Na3 Ke4 73.Kf6 Bxf4 74.Kxe6 Bxe5 0-1

[Event "Master Open"]
[Site "Voronezh"]
[Date "2017.06.14"]
[Round "3.34"]
[White "Yeletsky, Ivan"]
[Black "Rjabzev, Konstantin"]
[Result "1-0"]
[WhiteElo "2415"]
[BlackElo "2278"]
[Annotator ""]
[Source ""]
[Remark ""]

1.e4 e5 2.Nf3 d6 3.d4 exd4 4.Nxd4 Nf6 5.Nc3 Be7 6.Bf4 O-O 7.Qd2
d5 8.Ndb5 c6 9.Nc7 Bb4 10.f3 Nh5 11.Nxa8 Nxf4 12.Qxf4 Bd6 13.Qd2
d4 14.O-O-O c5 15.Nb5 Nc6 16.Bc4 Bb8 17.Bd5 Nb4 18.Nxd4 Qf6 19.Ne2
Be6 20.Kb1 Be5 21.f4 Bxd5 22.exd5 Bd6 23.a3 Na6 24.g3 Rxa8 25.Nc3
Nc7 26.Ne4 Qd8 27.Qe3 Nb5 28.f5 Qb6 29.Rd3 Nd4 30.Nxd6 Qxd6 31.Re1
h6 32.Qe5 Qd7 33.f6 Qa4 34.Rc3 b5 35.Re4 1-0

[Event "Master Open"]
[Site "Voronezh"]
[Date "2017.06.14"]
[Round "3.35"]
[White "Pogorelskikh, Sergey"]
[Black "Domogaev, Sergey"]
[Result "0-1"]
[WhiteElo "2233"]
[BlackElo "2411"]
[Annotator ""]
[Source ""]
[Remark ""]

1.e4 e5 2.Nf3 Nc6 3.Bb5 a6 4.Ba4 Nf6 5.O-O Be7 6.Re1 b5 7.Bb3
d6 8.a3 O-O 9.d3 Be6 10.Bxe6 fxe6 11.c3 Nh5 12.a4 b4 13.Nbd2
Nf4 14.Nf1 Qe8 15.h3 a5 16.Bxf4 Rxf4 17.N1h2 Rb8 18.Qc2 Rb7 19.Rab1
Qd7 20.Qd2 Rf8 21.Ng4 Rfb8 22.Qc2 Nd8 23.c4 b3 24.Qc3 c5 25.Ra1
Rb4 26.Ra3 Rxa4 27.Rea1 Rxa3 28.Rxa3 Nc6 29.Rxb3 Nb4 30.Ra3 Bd8
31.b3 Bb6 32.Ra1 Rf8 33.Ne3 Qf7 34.Nc2 Qg6 35.Kf1 Nc6 36.Qd2
Bd8 37.Qe2 Be7 38.Ra2 Rb8 39.Ra3 Bd8 40.Qd2 h6 41.Qc3 Qh5 42.Qd2
Rb7 43.Qe2 Qf7 44.Nfe1 Qe8 45.g3 h5 46.Nf3 g5 47.Kg2 Qg6 48.Nh2
Kg7 49.Qd1 Kf8 50.Qe2 Ke8 51.Qf3 Kd7 52.Qd1 Bc7 53.Kg1 Rb8 54.Kg2
Qh7 55.Kg1 h4 56.g4 Qf7 57.Qf3 Qg8 58.Qd1 Rf8 59.Qe2 Qf7 60.Qe3
Qf6 61.Kg2 Rb8 62.Nf3 Bd8 63.Nd2 Ne7 64.Nb1 Ng6 65.Nc3 Nf4+ 66.Kg1
Bb6 67.Ne1 Rf8 68.Ra2 a4 69.Nxa4 Ba5 70.Ng2 Bb4 71.Qf3 Ng6 72.Qxf6
Rxf6 73.Nb2 Bc3 74.Nd1 Bd4 75.Ra7+ Kc6 76.Rg7 Kb6 77.Rd7 Rf3
78.Nde3 Kc6 79.Rg7 Nf4 80.Nxf4 exf4 0-1

[Event "Master Open"]
[Site "Voronezh"]
[Date "2017.06.14"]
[Round "3.36"]
[White "Nozdrachev, Leonid"]
[Black "Avalyan, Artur"]
[Result "1-0"]
[WhiteElo "2411"]
[BlackElo "2249"]
[Annotator ""]
[Source ""]
[Remark ""]

1.d4 Nf6 2.c4 e6 3.Nc3 Bb4 4.e3 O-O 5.Bd3 d5 6.Nf3 c5 7.O-O Nc6
8.cxd5 exd5 9.dxc5 Bxc5 10.h3 Re8 11.b3 Qe7 12.a3 Bd7 13.Bb2
Rad8 14.Nb5 Bc8 15.Qc2 Ne4 16.Rac1 a6 17.Nc3 Ba7 18.Ne2 Rd6 19.Nf4
h6 20.Rcd1 Red8 21.Nh5 Rg6 22.Bxe4 Qxe4 23.Qxe4 dxe4 24.Rxd8+
Nxd8 25.Rd1 Bb6 26.Ne5 Rg5 27.Ng3 Nc6 28.Nxc6 bxc6 29.Nxe4 Rb5
30.b4 Be6 31.Rd6 Bc7 32.Rxc6 Bd5 33.Nf6+ gxf6 34.Rxc7 Rb6 35.Bd4
Re6 36.g4 Kg7 37.f4 Kg8 38.Rd7 Bc4 39.Rc7 Bb5 40.Kf2 Rd6 41.Kg3
Ba4 42.Rc8+ Kh7 43.h4 Bb3 44.h5 Bd1 45.Kh4 Re6 46.Rd8 Bf3 47.Kg3
Be2 48.a4 Rc6 49.Rb8 1-0

[Event "Master Open"]
[Site "Voronezh"]
[Date "2017.06.14"]
[Round "3.37"]
[White "Shaydullina, Sandugach"]
[Black "Sadovsky, Artem"]
[Result "0-1"]
[WhiteElo "2217"]
[BlackElo "2407"]
[Annotator ""]
[Source ""]
[Remark ""]

1.d4 d5 2.c4 c6 3.Nf3 Nf6 4.Qc2 g6 5.Bf4 Bg7 6.e3 O-O 7.h3 Bf5
8.Qb3 Qb6 9.c5 Qxb3 10.axb3 Nbd7 11.b4 a6 12.Nbd2 Bc2 13.Be2
Ne4 14.Rc1 Nxd2 15.Rxc2 Nxf3+ 16.gxf3 e5 17.dxe5 Bxe5 18.Bh6
Bg7 19.Bf4 a5 20.b5 Rfc8 21.bxc6 Rxc6 22.Bd6 Rac8 23.Rd2 Nxc5
24.Rxd5 Bxb2 25.O-O a4 26.Rfd1 a3 27.Bc4 Na4 28.Bb5 Nc3 29.Bxa3
Nxd1 30.Bxc6 bxc6 31.Rd3 Bxa3 32.Rxa3 Nb2 0-1

[Event "Master Open"]
[Site "Voronezh"]
[Date "2017.06.14"]
[Round "3.39"]
[White "Siddharth, Sabharishankar"]
[Black "Karpenko, Artem"]
[Result "0-1"]
[WhiteElo "2087"]
[BlackElo "2404"]
[Annotator ""]
[Source ""]
[Remark ""]

1.e4 e5 2.Nf3 Nc6 3.Bb5 a6 4.Ba4 Nf6 5.O-O Be7 6.Re1 b5 7.Bb3
d6 8.c3 O-O 9.h3 Nb8 10.d4 Nbd7 11.Nbd2 Bb7 12.Bc2 Re8 13.Nf1
Bf8 14.Ng3 g6 15.b3 c6 16.Bb2 Qc7 17.a4 Bg7 18.c4 exd4 19.Bxd4
b4 20.Qd2 a5 21.Rad1 Rad8 22.Qf4 c5 23.Ba1 Ne5 24.Nxe5 dxe5 25.Qf3
Nd7 26.Nf1 Bh6 27.Ne3 Bxe3 28.fxe3 Re6 29.Rf1 f6 30.g4 Nf8 31.Rxd8
Qxd8 32.Kh2 Qe7 33.Bb2 Nd7 34.Bc1 Nb6 35.Bd2 Nc8 36.Be1 Nd6 37.Bh4
g5 38.Bg3 Qf7 39.h4 h6 40.h5 Kg7 41.Rd1 Qe8 42.Rd5 Bxd5 43.exd5
e4 44.Qg2 Re5 45.Bxe5 Qxe5+ 46.Qg3 Qe7 47.Kh3 f5 48.gxf5 Kf6
49.Qg4 Qe5 50.Qg3 Qxf5+ 51.Kh2 Qe5 52.Bd1 Nf5 53.Qxe5+ Kxe5 54.Bg4
Nxe3 55.Kg3 Nc2 56.Bd1 Nd4 57.Kf2 Nf5 58.Bg4 Nd6 59.Ke3 Ne8 60.Bd1
Nf6 61.Be2 g4 62.Bd1 g3 63.Be2 Ne8 64.Bg4 Nd6 0-1

[Event "Master Open"]
[Site "Voronezh"]
[Date "2017.06.14"]
[Round "3.40"]
[White "Elistratov, Semen"]
[Black "Grigoryeva, Olga A."]
[Result "1-0"]
[WhiteElo "2403"]
[BlackElo "2204"]
[Annotator ""]
[Source ""]
[Remark ""]

1.e4 c5 2.Nf3 Nc6 3.Nc3 d6 4.d4 cxd4 5.Nxd4 e5 6.Nde2 Be7 7.g3
Bg4 8.Bg2 Nd4 9.O-O Bf3 10.Bxf3 Nxf3+ 11.Kg2 Ng5 12.Bxg5 Bxg5
13.Nd5 Ne7 14.Nxe7 Bxe7 15.Nc3 Qd7 16.Qe2 h5 17.a4 h4 18.Qb5
Rc8 19.Qe2 Bd8 20.Nd5 hxg3 21.fxg3 Qh3+ 22.Kh1 Qxg3 23.Rg1 Qh4
24.Rxg7 Kf8 25.Rag1 Bb6 26.R1g2 Qh6 27.Qf1 Qe6 28.R7g6 Qe8 29.Qf6 1-0

[Event "Master Open"]
[Site "Voronezh"]
[Date "2017.06.14"]
[Round "3.41"]
[White "Chekletsov, Ilya"]
[Black "Kharmunova, Nadezhda"]
[Result "1-0"]
[WhiteElo "2378"]
[BlackElo "2137"]
[Annotator ""]
[Source ""]
[Remark ""]

1.d4 Nf6 2.c4 e6 3.g3 d5 4.Nf3 b6 5.cxd5 Nxd5 6.Bg2 Be7 7.O-O
O-O 8.Nc3 Bb7 9.Nxd5 Bxd5 10.Qc2 Nd7 11.e4 Bb7 12.Rd1 Nf6 13.Ne5
Qe8 14.Bg5 Rc8 15.d5 Nd7 16.Bxe7 Qxe7 17.Nc6 Bxc6 18.dxc6 Ne5
19.f4 Ng4 20.Rd7 Qb4 21.a3 Qa5 22.b4 Qa6 23.Bf1 b5 24.Qc5 Qa4
25.h3 Nf6 26.Bxb5 Qb3 27.Rd3 Qb2 28.Re1 Rcd8 29.Qf2 Qxf2+ 30.Kxf2
Rb8 31.Bc4 Rb6 32.b5 a6 33.a4 axb5 34.axb5 Ra8 35.e5 Ne8 36.Red1
Kf8 37.Rd8 Rbb8 38.Rxb8 Rxb8 39.f5 f6 40.Rd7 fxe5 41.fxe6 Nd6
42.Rxd6 cxd6 43.c7 1-0

[Event "Master Open"]
[Site "Voronezh"]
[Date "2017.06.14"]
[Round "3.42"]
[White "Volovich, Vasily"]
[Black "Popov, Mikhail"]
[Result "0-1"]
[WhiteElo "2062"]
[BlackElo "2378"]
[Annotator ""]
[Source ""]
[Remark ""]

1.e4 e6 2.d4 d5 3.e5 c5 4.c3 Nc6 5.Nf3 Qb6 6.a3 f6 7.Bd3 fxe5
8.dxe5 c4 9.Bc2 g6 10.O-O Bg7 11.Qe2 Nh6 12.Bxh6 Bxh6 13.Nbd2
Qxb2 14.Nxc4 Qxc3 15.Nd6+ Ke7 16.Rab1 b6 17.Ba4 Bd7 18.Rb3 Qc5
19.Bxc6 Bxc6 20.Qd3 Bd7 21.Rc3 Qa5 22.Nd4 Bf4 23.Nb7 Qa4 24.Re1
Rac8 25.Rxc8 Rxc8 26.Nd6 Rc1 27.Rxc1 Bxc1 28.Nc2 Bf4 29.Qc3 Bxe5
30.Qxe5 Qxc2 31.g3 Qc1+ 32.Kg2 Qc2 33.Qg5+ Kxd6 34.Qf4+ e5 35.Qf6+
Kc7 0-1

[Event "Master Open"]
[Site "Voronezh"]
[Date "2017.06.14"]
[Round "3.43"]
[White "Panchenko, Dmitry"]
[Black "Grishaev, Igor"]
[Result "1-0"]
[WhiteElo "2371"]
[BlackElo "1931"]
[Annotator ""]
[Source ""]
[Remark ""]

1.d4 Nf6 2.c4 e6 3.Nc3 d5 4.cxd5 exd5 5.Bg5 c6 6.e3 Be7 7.Bd3
Nbd7 8.Qc2 h6 9.Bf4 g5 10.Bg3 h5 11.h3 Rg8 12.Nf3 Nf8 13.O-O-O
Be6 14.Kb1 b5 15.Ne5 Qc8 16.Nxc6 a6 17.Nxe7 Kxe7 18.Qb3 N8d7
19.Qb4+ Ke8 20.Rc1 Qb7 21.Bxb5 Kd8 22.Qa5+ Nb6 23.Bd3 Nfd7 24.Na4
Ke7 25.Rc7 1-0

[Event "Master Open"]
[Site "Voronezh"]
[Date "2017.06.14"]
[Round "3.44"]
[White "Sarvesh, Kumar A"]
[Black "Salemgareev, Tagir"]
[Result "0-1"]
[WhiteElo "1905"]
[BlackElo "2360"]
[Annotator ""]
[Source ""]
[Remark ""]

1.e4 c5 2.Nf3 d6 3.d4 cxd4 4.Nxd4 Nf6 5.Nc3 a6 6.Bg5 Nbd7 7.Qe2
g6 8.O-O-O e5 9.Nb3 Qc7 10.h4 h6 11.Be3 b5 12.f4 Bb7 13.Nd5 Nxd5
14.exd5 h5 15.g3 O-O-O 16.f5 gxf5 17.Qf2 Bh6 18.Bh3 Kb8 19.Bxh6
Rxh6 20.Qxf5 Nf6 21.Bg2 Rg8 22.Rd3 Rhg6 23.Rc3 Qd7 24.Qxd7 Nxd7
25.Rf1 Rxg3 26.Rxg3 Rxg3 27.Rxf7 Rxg2 28.Rxd7 Rg6 29.Rh7 Bxd5
30.Rxh5 Rg2 31.Rh8+ Kc7 32.h5 Be4 33.c3 Rc2+ 34.Kd1 Rxb2 35.Nd2
Bd3 36.h6 Rxa2 37.Ke1 a5 38.h7 Ra1+ 39.Kf2 Rh1 40.Ra8 Rxh7 41.Rxa5
Rh2+ 42.Ke3 Rh3+ 43.Kf2 e4 44.Ra7+ Kb6 45.Re7 Rh2+ 46.Ke1 d5
47.Nb3 Rc2 48.Re5 Rxc3 0-1

[Event "Master Open"]
[Site "Voronezh"]
[Date "2017.06.14"]
[Round "3.45"]
[White "Murtazin, Ruslan"]
[Black "Krithigga, K"]
[Result "1-0"]
[WhiteElo "2359"]
[BlackElo "1836"]
[Annotator ""]
[Source ""]
[Remark ""]

1.e4 c6 2.d4 d5 3.e5 Bf5 4.h4 h5 5.c4 e6 6.Nc3 Ne7 7.Bg5 Qa5
8.Qd2 dxc4 9.Bxc4 Nd7 10.Nf3 Nb6 11.Bd3 Bxd3 12.Qxd3 Ned5 13.O-O
Nxc3 14.bxc3 Qd5 15.Nd2 c5 16.f4 cxd4 17.cxd4 Nd7 18.Ne4 Nb8
19.f5 Nc6 20.Rad1 exf5 21.Rxf5 Nb4 22.Qf3 Qxa2 23.d5 Nxd5 24.Rxd5
Qxd5 25.Nd6+ Qxd6 26.exd6 Bxd6 27.Qe4+ 1-0

[Event "Master Open"]
[Site "Voronezh"]
[Date "2017.06.14"]
[Round "3.46"]
[White "Harshini, A"]
[Black "Strelnikov, Sergey"]
[Result "1/2-1/2"]
[WhiteElo "2000"]
[BlackElo "2357"]
[Annotator ""]
[Source ""]
[Remark ""]

1.e4 g6 2.d4 Bg7 3.Nf3 d6 4.Nc3 a6 5.a4 Nf6 6.Be2 O-O 7.O-O Nc6
8.h3 e6 9.Be3 h6 10.a5 Kh7 11.Nh2 e5 12.dxe5 dxe5 13.Bc5 Re8
14.Bc4 Be6 15.Bxe6 fxe6 16.Ng4 Qxd1 17.Nxf6+ Bxf6 18.Rfxd1 Rad8
19.b4 Rxd1+ 20.Rxd1 Rd8 21.Rxd8 Bxd8 22.Na4 Nb8 23.Ba7 Nd7 24.Nc5
Nxc5 25.Bxc5 Kg7 26.c4 Kf7 27.Be3 h5 28.Kf1 Be7 29.c5 c6 30.Ke2
Bf6 31.g4 hxg4 32.hxg4 g5 33.Kd3 Bd8 34.Kc4 Kf6 35.Bd2 Bc7 36.Bc1
Kg6 37.f3 Kf6 38.Be3 Kg6 39.Kd3 Kf6 40.Kc4 Kg6 1/2-1/2

[Event "Master Open"]
[Site "Voronezh"]
[Date "2017.06.14"]
[Round "3.47"]
[White "Gutkovich, Polina"]
[Black "Bryakin, Mikhail"]
[Result "0-1"]
[WhiteElo "1904"]
[BlackElo "2338"]
[Annotator ""]
[Source ""]
[Remark ""]

1.e4 c6 2.d4 d5 3.exd5 cxd5 4.Bd3 Nc6 5.c3 Nf6 6.Bf4 g6 7.Nf3
Bf5 8.Bxf5 gxf5 9.O-O e6 10.Ne5 Qb6 11.Qe2 Bg7 12.Nxc6 Qxc6 13.Nd2
O-O 14.Be5 Nd7 15.Bxg7 Kxg7 16.Qh5 h6 17.Rae1 Qd6 18.f4 Nf6 19.Qh4
Qd8 20.Nf3 Ne4 21.Qh5 Qe8 22.c4 Rd8 23.g4 Nf6 24.Qh4 fxg4 25.Ne5
dxc4 26.h3 Rxd4 27.hxg4 Rh8 28.g5 Nd5 29.gxh6+ Rxh6 30.Qg5+ Kh7
31.Ng4 Rg6 32.Qh5+ Kg7 33.Rf2 Nf6 34.Qe5 Rxg4+ 35.Kf1 Rd5 36.Qe2
Qh8 0-1

[Event "Master Open"]
[Site "Voronezh"]
[Date "2017.06.14"]
[Round "3.48"]
[White "Maltsevskaya, Aleksandra"]
[Black "Smirnov, Alexander"]
[Result "1-0"]
[WhiteElo "2203"]
[BlackElo "2423"]
[Annotator ""]
[Source ""]
[Remark ""]

1.e4 Nf6 2.e5 Nd5 3.d4 d6 4.c4 Nb6 5.exd6 exd6 6.Nc3 Be7 7.Be3
O-O 8.Rc1 Re8 9.Nf3 Bg4 10.Be2 Nc6 11.b3 Bf6 12.O-O Nd7 13.Re1
Nf8 14.Qd2 Ne7 15.h3 Bxf3 16.Bxf3 c6 17.Qd3 g6 18.d5 c5 19.Ne4
Nf5 20.Bf4 Be5 21.Bg5 f6 22.Nxf6+ Bxf6 23.Rxe8 Qxe8 24.Bxf6 Nd7
25.Bc3 Ne5 26.Qe4 Qe7 27.Bg4 Nxg4 28.Qxg4 Re8 29.Re1 Qf7 30.Rxe8+
Qxe8 31.Qf4 Qe2 32.g4 Nh4 33.Qf6 Nf3+ 34.Kg2 Ne1+ 35.Kg3 Qd3+
36.f3 1-0

[Event "Master Open"]
[Site "Voronezh"]
[Date "2017.06.14"]
[Round "3.49"]
[White "Gukesh, D"]
[Black "Michelle Catherina, P"]
[Result "1-0"]
[WhiteElo "2332"]
[BlackElo "2157"]
[Annotator ""]
[Source ""]
[Remark ""]

1.Nf3 d5 2.g3 g6 3.Bg2 Bg7 4.d4 Nf6 5.O-O O-O 6.c4 c6 7.Nbd2
Bf5 8.b3 Ne4 9.Bb2 dxc4 10.Nxc4 Nd6 11.Nfd2 Nxc4 12.Nxc4 Qc8
13.e4 Bh3 14.Qe2 Bxg2 15.Kxg2 Nd7 16.Rac1 Nb6 17.d5 Bxb2 18.Qxb2
c5 19.Ne3 Nd7 20.h4 h5 21.e5 e6 22.Rfd1 Re8 23.Kg1 Qc7 24.f4
b5 25.Qg2 Rad8 26.g4 hxg4 27.Nxg4 exd5 28.Rxd5 Kh8 29.h5 g5 30.Qb2
gxf4 31.e6+ Kh7 32.Rxd7 Rxd7 33.Nf6+ Kh6 34.Nxe8 1-0

[Event "Master Open"]
[Site "Voronezh"]
[Date "2017.06.14"]
[Round "3.50"]
[White "Mendonca, Leon Luke"]
[Black "Sadhwani, Raunak"]
[Result "1-0"]
[WhiteElo "2174"]
[BlackElo "2328"]
[Annotator ""]
[Source ""]
[Remark ""]

1.d4 Nf6 2.c4 g6 3.Nc3 Bg7 4.e4 d6 5.h3 O-O 6.Be3 c5 7.d5 a6
8.a4 e6 9.Bd3 exd5 10.exd5 Re8 11.Nf3 Rxe3+ 12.fxe3 Qe7 13.O-O
Nh5 14.Qd2 Nd7 15.Rf2 Bh6 16.Re1 f5 17.g4 Ng3 18.gxf5 Nxf5 19.Bxf5
gxf5 20.Qd3 Kh8 21.Kh1 Nf6 22.e4 Nh5 23.exf5 Qf8 24.Nh2 Bxf5
25.Qf3 Nf4 26.Ng4 Nh5 27.Rg1 Bf4 28.Ne3 Bg6 29.Ne2 Bh6 30.Qxf8+
Bxf8 31.Ng3 Nxg3+ 32.Rxg3 Bg7 33.Ng4 Bd4 34.Re2 Rf8 35.Kg2 Be8
36.b3 b5 37.axb5 axb5 38.Rf3 Rg8 39.Kh1 bxc4 40.bxc4 Bg6 41.Re7
Ra8 42.Nh6 Ra1+ 43.Kg2 Ra2+ 44.Kg3 Be5+ 45.Kh4 Bg7 46.Nf7+ Kg8
47.Re8+ Bf8 48.Nh6+ Kg7 49.Nf5+ Bxf5 50.Rxf5 Rc2 51.Rexf8 Rxc4+
52.Kh5 1-0

[Event "Master Open"]
[Site "Voronezh"]
[Date "2017.06.14"]
[Round "3.51"]
[White "Pranav, V"]
[Black "Vinogradov, Anatoly"]
[Result "1-0"]
[WhiteElo "2147"]
[BlackElo "2309"]
[Annotator ""]
[Source ""]
[Remark ""]

1.e4 e6 2.d4 d5 3.Nc3 Nf6 4.exd5 exd5 5.Bg5 Bb4 6.Qd2 h6 7.Bxf6
Qxf6 8.O-O-O O-O 9.Kb1 Qd8 10.Nf3 Be6 11.Rg1 Nd7 12.a3 Bxc3 13.Qxc3
c5 14.dxc5 Rc8 15.b4 a5 16.g4 axb4 17.axb4 Qf6 18.Nd4 Ne5 19.Be2
Ng6 20.Qg3 Bd7 21.g5 hxg5 22.Qxg5 Qxg5 23.Rxg5 Nf4 24.Bg4 Be6
25.Nf5 Bxf5 26.Rxf5 Ne6 27.Rfxd5 b6 28.Rd6 1-0

[Event "Master Open"]
[Site "Voronezh"]
[Date "2017.06.14"]
[Round "3.52"]
[White "Yashmetov, Mikhail"]
[Black "Zaika, Daniil"]
[Result "1-0"]
[WhiteElo "2308"]
[BlackElo "2093"]
[Annotator ""]
[Source ""]
[Remark ""]

1.Nf3 d5 2.b3 Nf6 3.Bb2 Bf5 4.g3 h6 5.Bg2 e6 6.O-O Be7 7.d3 O-O
8.Nbd2 Nbd7 9.c4 c6 10.Qc2 Bh7 11.Rac1 a5 12.a3 Bd6 13.Qb1 Qe7
14.Qa1 e5 15.cxd5 cxd5 16.Nh4 Qe6 17.e4 dxe4 18.dxe4 Nc5 19.Nf5
Bxf5 20.exf5 Qxf5 21.Bxe5 Nxb3 22.Nxb3 Qxe5 23.Qxe5 Bxe5 24.a4
Bd6 25.Rfd1 Bb4 26.Bxb7 Rad8 27.Rd4 Rfe8 28.Kg2 Kf8 29.Rc7 Rxd4
30.Nxd4 Re7 31.Rc8+ Re8 32.Rc4 Nd7 33.Rc7 Nb6 34.Bf3 Nxa4 35.Bd5
Be7 36.Bc6 Nb6 37.Bxe8 Kxe8 38.Nc6 Bb4 39.Nxb4 axb4 40.Rb7 Nd5
41.Rb5 Nf6 42.Rxb4 Ke7 43.f4 g6 44.Kf3 Kf8 45.Rd4 h5 46.h3 Kg7
47.g4 hxg4+ 48.hxg4 Nh7 49.Rd6 Nf6 50.g5 Ne8 51.Rd7 Kf8 52.Ke4
Ng7 53.Ke5 Ne8 54.Ra7 Ng7 55.Kd6 Ne6 56.Ra4 Kg7 57.Ke7 Kg8 58.Kf6 1-0

[Event "Master Open"]
[Site "Voronezh"]
[Date "2017.06.14"]
[Round "3.53"]
[White "Lingur, Zalina"]
[Black "Tomilova, Elena"]
[Result "0-1"]
[WhiteElo "2125"]
[BlackElo "2303"]
[Annotator ""]
[Source ""]
[Remark ""]

1.d4 Nf6 2.c4 b6 3.Nc3 Bb7 4.Qc2 d5 5.cxd5 Nxd5 6.e4 Nxc3 7.bxc3
e5 8.Nf3 exd4 9.Bb5+ c6 10.Bc4 b5 11.Rb1 Qe7 12.Bd3 dxc3 13.Qxc3
Nd7 14.O-O Qc5 15.Qb2 a6 16.Re1 O-O-O 17.e5 Be7 18.Be3 Qa3 19.Qc2
Kb8 20.Rec1 Ka8 21.Bf5 Rhe8 22.Be4 Nb8 23.Nd4 Bf8 24.Nb3 Rxe5
25.Bb6 Rde8 26.Bf3 c5 27.Bc7 R5e6 28.Bxb7+ Kxb7 29.Bg3 Nc6 30.h3
c4 31.Nd2 Nd4 32.Qxh7 Ne2+ 33.Kh2 Nxc1 34.Nxc4 Qc3 35.Ne3 Qd3
36.Qh5 g6 37.Qf3+ Qe4 38.Qxf7+ R6e7 39.Qg8 Bg7 40.Qc4 Qxc4 41.Nxc4
Nxa2 42.Nd6+ Kc6 43.Nxe8 Rxe8 44.Rd1 Re6 0-1

[Event "Master Open"]
[Site "Voronezh"]
[Date "2017.06.14"]
[Round "3.54"]
[White "Protopopova, Anastasiya"]
[Black "Obolentseva, Alexandra"]
[Result "0-1"]
[WhiteElo "2123"]
[BlackElo "2283"]
[Annotator ""]
[Source ""]
[Remark ""]

1.d4 Nf6 2.c4 e6 3.g3 c5 4.d5 exd5 5.cxd5 d6 6.Nc3 g6 7.Bg2 Bg7
8.Nf3 O-O 9.O-O Re8 10.Bf4 Ne4 11.Nxe4 Rxe4 12.Nd2 Rxf4 13.gxf4
Bxb2 14.Rb1 Bg7 15.Qb3 Na6 16.e4 Qf6 17.Qg3 Bh6 18.e5 Qxf4 19.Ne4
dxe5 20.Qxf4 Bxf4 21.d6 Kg7 22.Rfd1 Bg4 23.f3 Bf5 24.Rxb7 Bxe4
25.fxe4 c4 26.Bf1 Nc5 27.Rc7 c3 28.Bd3 Bd2 29.Bc2 Ne6 30.Rc4
Rd8 31.Ba4 Rxd6 32.Rxc3 Rd4 33.Ra3 Bb4 34.Rxd4 Nxd4 35.Rd3 f5
36.Kg2 Kf6 37.exf5 gxf5 38.Rxd4 exd4 39.Bc2 Ke5 40.Kf3 h6 41.h3
Ba3 42.Bd3 a5 43.Bc4 Bc1 44.Ba6 Kd5 45.Ke2 Be3 46.Kd3 Ke5 47.Bc8
Kf4 48.Bd7 Kg5 49.Ke2 f4 50.Bc8 Kh4 51.Bd7 Kg3 52.Bg4 Kg2 53.h4
Kg3 0-1

[Event "Master Open"]
[Site "Voronezh"]
[Date "2017.06.14"]
[Round "3.56"]
[White "Martynyuk, Elizaveta"]
[Black "Gasanov, Zaur"]
[Result "0-1"]
[WhiteElo "2112"]
[BlackElo "2264"]
[Annotator ""]
[Source ""]
[Remark ""]

1.e4 c6 2.Nc3 d5 3.d4 dxe4 4.Nxe4 Nd7 5.Ng5 Ngf6 6.Bd3 e6 7.N1f3
Bd6 8.Qe2 h6 9.Ne4 Nxe4 10.Qxe4 Qc7 11.Qg4 Kf8 12.O-O Nf6 13.Qh4
b6 14.Bg5 Nd5 15.c4 Nf4 16.Be4 Kg8 17.Bxf4 Bxf4 18.Ne5 Bg5 19.Qg3
Bb7 20.f4 Bf6 21.f5 Bxe5 22.dxe5 exf5 23.Rxf5 Bc8 24.Rf6 Be6
25.Rd1 Qe7 26.Rd6 Rd8 27.Rf1 Bxc4 28.Rfd1 Rxd6 29.Rxd6 Bd5 30.Bf5
g6 31.e6 Kf8 32.Bxg6 Bxe6 33.Qe5 Rg8 34.Qd4 Bd5 35.Qb4 c5 36.Qf4
Qe1+ 37.Qf1 Qxf1+ 0-1